000 00725nam a2200253Ia 4500
003 OSt
005 20220928113626.0
006 a|||||r|||| 00| 0
007 ta
008 220927b |||||||| |||| 00| 0 eng d
020 _cUSD 152.00
024 _a141793
037 _b024, 08/01/2020, Excel Book International
_cTextual
040 _aSDCL
_cSDCL
_beng
041 _2eng
_aeng
082 _aQ4, Q8
100 _aMorris John Ed.
_9434138
245 0 _aEssence of Buddhism
260 _aNew York
_b Larsen & Keller
_c2018
300 _avii,239p.
_ccm.
650 _aPhilosophy
942 _hQ4, Q8
_cTEXL
_2CC
999 _c750525
_d750525